Normal view
MARC view
- English liteature
Entry Topical Term
001 - CONTROL NUMBER
- control field: 107622
003 - CONTROL NUMBER IDENTIFIER
- control field: NUST
005 - DATE AND TIME OF LATEST TRANSACTION
- control field: 20230125114633.0
008 - FIXED-LENGTH DATA ELEMENTS
- fixed length control field: 230125|| aca||aabn | a|a d
040 ## - CATALOGING SOURCE
- Original cataloging agency: NUST
- Transcribing agency: NUST
150 ## - HEADING--TOPICAL TERM
- Topical term or geographic name entry element: English liteature
670 ## - SOURCE DATA FOUND
- Source citation: Work cat.: (NUST)186828: Moravia, Alberto 107621, The Conformist /
